000
00338nam a2200145Ia 4500
008
230718s9999 xx 000 0 und d
041
_a
Eng.
082
_a
523
_b
FOW-F
100
_a
Fowler, H.W
245
0
_a
Fowlers Modern English
260
_a
Pakistan
_b
Oxford university Press
_c
1905
300
_a
725
650
_a
Law
999
_c
27748
_d
27748